Las Maquilas y la Iniciativa para la Cuenca del Caribe
Enregistré dans:
| Format: | Texte |
|---|---|
| Sujets: | |
| Tags: |
Ajouter un tag
Pas de tags, Soyez le premier à ajouter un tag!
|
MARC
| LEADER | 00000 a a2200000 04500 | ||
|---|---|---|---|
| 001 | 6392 | ||
| 003 | |||
| 040 | |||
| 245 | |a Las Maquilas y la Iniciativa para la Cuenca del Caribe | ||
| 650 | |a SECTOR INDUSTRIAL | ||
| 650 | |a INDUSTRIA TEXTIL | ||
| 650 | |a COOPERACION INTERNACIONAL | ||
| 650 | |a INICIATIVA PARA LA CUENCA DEL CARIBE | ||
| 773 | |g volumen 21, número 921; páginas 7-9 | ||
| 999 | |c 20523 |d 20523 | ||
